| 000 | 00910 a2200193 4500 | ||
|---|---|---|---|
| 003 | Nust | ||
| 005 | 20221130112919.0 | ||
| 010 | _a 73092764 | ||
| 020 | _a0844803030 (Crane, Russak) | ||
| 040 | _cNust | ||
| 082 | 0 | 0 | _a621.38152,CAR |
| 100 | 1 |
_aCarroll, John E. _978601 |
|
| 245 | 1 | 0 |
_aPhysical models for semiconductor devices / _cJohn E. Carroll. |
| 260 |
_aLondon, _bE. Arnold; _aNew York, _bCrane, Russak, _c1974. |
||
| 300 |
_axiv, 253 p. _billus. _c24 cm. |
||
| 505 | _aSemiconductor Devices (Page-1), Semiconductor Materials (Page-7), Conduction and Equilibrium in Solids (Page-34), P-N Junction (Page-55), Amplifiers and Control Devices using p-n Junction (Page-84), Waves in Crystals (Page-125), Devisees using Metal –Semiconductor –Insulator Combinations (Page-150), Hot Electron Devices (Page-177), Optical Devices (Page-204). | ||
| 650 | 0 | _aTelecommunication Engineering | |
| 942 |
_2ddc _cBK |
||
| 999 |
_c182217 _d182217 |
||